| 000 | 00950cam a2200301 4500 | ||
|---|---|---|---|
| 001 | 21272 | ||
| 003 | BD-RjUL | ||
| 005 | 20211209000652.0 | ||
| 008 | 140304s1948 nyuabc b 001 0 eng | ||
| 035 | _a(OCoLC)ocm00392277 | ||
| 035 | _a(BD-RjUL)21336 | ||
| 035 | _a(NNC)1771347 | ||
| 040 |
_aDLC _cWSU _dOCL _dSER _dZCU _dBD-RjUL _beng |
||
| 041 | _aeng | ||
| 082 | 0 | 0 |
_a940 _bBRM 1948 |
| 100 | 1 |
_aBrown, Louise Fargo. _965768 |
|
| 245 | 1 | 0 |
_aMen and centuries of European civilization / _c Louise Fargo Brown and George Barr Carson, Jr. |
| 250 | _a[1st ed.] | ||
| 260 |
_aNew York : _bA. A. Knopf, _c1948. |
||
| 300 |
_axxiii, 628, xvi p. : _billus., ports., maps. ; _c22 cm. |
||
| 504 | _aBibliography: p. [583]-628 and index. | ||
| 651 | 0 |
_aEurope _xHistory. _965769 |
|
| 651 | 0 |
_aEurope _xCivilization. _934553 |
|
| 700 | 1 |
_aCarson, George Barr, _d1915-, _eauthor. _965770 |
|
| 942 |
_2ddc _cBK |
||
| 999 |
_c21272 _d21272 |
||